MODEL AIRPLANE NEWS WITH R/C BOATS AND COST (Record no. 581770)

000 -LEADER
fixed length control field 00259nam a22001097a 4500
082 ## - DEWEY DECIMAL CLASSIFICATION NUMBER
Classification number 629.13 MOD'S
100 ## - MAIN ENTRY--PERSONAL NAME
Personal name SCHYROEDER, ART
9 (RLIN) 76377
245 ## - TITLE STATEMENT
Title MODEL AIRPLANE NEWS WITH R/C BOATS AND COST
260 ## - PUBLICATION, DISTRIBUTION, ETC.
Place of publication, distribution, etc. USA
Name of publisher, distributor, etc. MRC
Date of publication, distribution, etc. 1981
300 ## - PHYSICAL DESCRIPTION
Extent VOL-102
942 ## - ADDED ENTRY ELEMENTS (KOHA)
Koha item type Book
Holdings
Withdrawn status Lost status Damaged status Not for loan Permanent Location Current Location Shelving location Date acquired Total Checkouts Full call number Barcode Date last seen Price effective from Koha item type
        College of Electrical & Mechanical Engineering (CEME) College of Electrical & Mechanical Engineering (CEME) General Stacks 05/29/2017   629.13 MOD'S CEME-11982 06/28/2021 06/28/2021 Book
© 2023 Central Library, National University of Sciences and Technology. All Rights Reserved.